Essential psychology / (Record no. 130781)

MARC details
000 -LEADER
fixed length control field 00665cam a2200241 i 4500
008 - FIXED-LENGTH DATA ELEMENTS--GENERAL INFORMATION
fixed length control field
020 ## - INTERNATIONAL STANDARD BOOK NUMBER
International Standard Book Number 9781446274828 (pbk.)
049 ## - LOCAL HOLDINGS (OCLC)
Holding library MAIN
090 ## - LOCALLY ASSIGNED LC-TYPE CALL NUMBER (OCLC); LOCAL CALL NUMBER (RLIN)
Classification number (OCLC) (R) ; Classification number, CALL (RLIN) (NR) BF77
Local cutter number (OCLC) ; Book number/undivided call number, CALL (RLIN) ESS
003 - CONTROL NUMBER IDENTIFIER
control field
005 - DATE AND TIME OF LATEST TRANSACTION
control field 20230123122254.0
040 ## - CATALOGING SOURCE
Transcribing agency NUST
245 00 - TITLE STATEMENT
Title Essential psychology /
Statement of responsibility, etc. Philip Banyard ...et al..
250 ## - EDITION STATEMENT
Edition statement 2nd ed.
260 ## - PUBLICATION, DISTRIBUTION, ETC.
Place of publication, distribution, etc. Los Angeles :
Name of publisher, distributor, etc. SAGE,
Date of publication, distribution, etc. [2015]
300 ## - PHYSICAL DESCRIPTION
Extent iv, 588 p. :
Other physical details col ill ;
Dimensions 27 cm
500 ## - GENERAL NOTE
General note Includes index
500 ## - GENERAL NOTE
General note Includes bibliographic references
650 #0 - SUBJECT ADDED ENTRY--TOPICAL TERM
Topical term or geographic name entry element Psychology.
700 1# - ADDED ENTRY--PERSONAL NAME
Personal name Banyard, Philip.
907 ## - LOCAL DATA ELEMENT G, LDG (RLIN)
a .b10382185
b 14-09-17
c 14-09-17
942 ## - ADDED ENTRY ELEMENTS (KOHA)
Koha item type Ordinary Loan Books
Call number prefix BF77
Call number suffix ESS
Holdings
Date last seen Total Checkouts Full call number Barcode Cost, replacement price Price effective from Koha item type Lost status Source of classification or shelving scheme Damaged status Not for loan Collection Withdrawn status Home library Current library Shelving location Date acquired Cost, normal purchase price
01/23/2023 1 BF77 BAN 92004043162 80.00 01/23/2023 BOOKS   LCC     NFIC   MAIN MAIN GEN 01/23/2023 80.00